000 00828nam a22002897a 4500
001 BR8303291
003 BR-BrBNA
005 20230928091709.0
007 ta
008 230509b bl.||||| |||| 00| 0 por d
040 _aBR-BrBNA
_bpor
_cBiblioteca Nacional de Agricultura
041 _a(Por)
072 _aF28
_b/G514
090 _ F28 BR8303291
100 1 _aCorrea, A.A.M.
110 1 _aUniversidade Federal Rural do Rio de Janeiro, Itaguai (Brasil)
_911225
245 1 _aA desertificacao do territorio brasileiro [deterioracao do solo, conservacao do solo]
260 3 _aItaguai, RJ (Brasil):
_c1983.
300 _a10 p.
500 _a6 ref.
650 _aSOLO
650 _aEROSAO DO SOLO
650 _aCONSERVACAO DO SOLO
650 _aUSO DA TERRA
909 _a202309
_bLucia
_c55
_dLucia Elande
942 _cBK
999 _c35065
_d35065